| 000 | 00730nam a22002297a 4500 | ||
|---|---|---|---|
| 008 | 150330b xxu||||| |||| 00| 0 eng d | ||
| 020 | _a9780071791861 | ||
| 020 | _a0071791868 | ||
| 041 | 0 | _aeng | |
| 080 | _a004 | ||
| 100 | 1 | _aBradford, Ronald. | |
| 245 | 1 | 0 |
_aEffective MySQL _cRonald Bradford, Chris Schneider ; technical editors, Nelson Calero ... [et al.]. |
| 260 |
_aNew York : _bMcGraw-Hill, _c2013. |
||
| 300 |
_a270 f.: _bme il.; _c24 cm. |
||
| 505 | _aIndex: f.259-270 | ||
| 650 | 0 | _aMySQL | |
| 650 | 0 | _aMenaxhimi i bazës të të dhënave | |
| 650 | 0 | _aGjuhe programuese | |
| 700 | 1 | _aSchneider, Chris. | |
| 700 | 1 | _aCalero, Nelson. | |
| 942 |
_2udc _cBK |
||
| 999 |
_c628 _d628 |
||